Microcomputer Based Design (Record no. 8103)

MARC details
000 -LEADER
fixed length control field 00394nam a2200157Ia 4500
008 - FIXED-LENGTH DATA ELEMENTS--GENERAL INFORMATION
fixed length control field 221030s9999 xx 000 0 und d
020 ## - INTERNATIONAL STANDARD BOOK NUMBER
ISBN 007855544
041 ## - LANGUAGE CODE
Language code of text/sound track or separate title
082 ## - DEWEY DECIMAL CLASSIFICATION NUMBER
Classification number 105.23
Item number Peat
100 ## - MAIN ENTRY--AUTHOR NAME
Personal name J. B. Peatman
245 #0 - TITLE STATEMENT
Title Microcomputer Based Design
Statement of responsibility, etc by J. B. Peatman
260 ## - PUBLICATION, DISTRIBUTION, ETC. (IMPRINT)
Name of publisher McGraw Hill Pub.
Place of publication New Delhi
Year of publication 1988
300 ## - PHYSICAL DESCRIPTION
Number of Pages 590
650 ## - SUBJECT ADDED ENTRY--TOPICAL TERM
Topical Term BE Computer
942 ## - ADDED ENTRY ELEMENTS (KOHA)
Koha item type Books
Holdings
Accession Number Cost, normal purchase price Full call number Price effective from Koha item type Withdrawn / writtenoff status Materials specified (bound volume or other part) Damaged status Not for loan Permanent Location Current Location Shelving location Date acquired Lost/ Missing status department
BE 6180 813.00 105.23 Peat 10/30/2022 Books   Print   Not For Loan MIET Library, Jammu MIET Library, Jammu BL-Second, FL-1, CUP-77, SH-4, R-4 12/17/2002   BE
BE 6181 813.00 105.23 Pea 10/30/2022 Books   Print     MIET Library, Jammu MIET Library, Jammu BL-Academic Block - C, FL-2, CUP-90, SH-1, R-1 12/17/2002   BE
BE 6182 813.00 105.23 Pea 10/30/2022 Books   Print     MIET Library, Jammu MIET Library, Jammu BL-Academic Block - C, FL-2, CUP-90, SH-1, R-1 12/17/2002   BE